000 00707nam a2200301Ia 4500
008 181129s9999 xx 000 0 und d
020 _a9780590848534
050 _bR994 1997
100 _aRylant, Cynthia
245 0 _aPoppleton everyday /
245 0 _cby Cynthia Rylant ; illustrated by Mark Teague.
260 _aNew York, NY :
260 _bScholastic,
260 _c1997
300 _a48 pages :
300 _bcolor illustrations ;
300 _c22cm.
440 _aPoppleton ;
440 _vbk 3
500 _a250L
650 _aBeds.
650 _aSailing.
650 _aStars.
650 _aSwine.
700 _aSeries.
700 _aTeague, Mark.
700 _aTitle.
999 _c359877
_d359877